Chettinad / (Record no. 42311)

MARC details
000 -LEADER
fixed length control field 00733nam a22002177a 4500
010 ## - LCCN (DPL NO)
LC control number ENG-100763
020 ## - INTERNATIONAL STANDARD BOOK NUMBER
Terms of availability 60.00
035 ## - SYSTEM CONTROL NUMBER
System control number EN-84296
037 ## - SOURCE OF ACQUISITION
Source of stock number/acquisition DBAD / PUB
082 ## - DEWEY DECIMAL CLASSIFICATION NUMBER
Classification number 954.31
100 ## - MAIN ENTRY--PERSONAL NAME
Personal name R. Lakshminarayanan
245 ## - TITLE STATEMENT
Title Chettinad /
Statement of responsibility, etc by R. Lakshminarayanan
260 ## - PUBLICATION, DISTRIBUTION, ETC. (IMPRINT)
Place of publication, distribution, etc Karaikudi
Name of publisher, distributor, etc Sevarkotiyon Publication
Date of publication, distribution, etc 2008
270 ## - ADDRESS
Address Sevarkotiyon Publication
City Karaikudi
Postal code 630006
300 ## - PHYSICAL DESCRIPTION
Extent V.2. 112 p.
Dimensions 24cm (Pbk)
650 ## - SUBJECT ADDED ENTRY--TOPICAL TERM
Topical term or geographic name as entry element History of chettiad
650 ## - SUBJECT ADDED ENTRY--TOPICAL TERM
Topical term or geographic name as entry element History of Tamilnadu
700 ## - ADDED ENTRY--PERSONAL NAME
9 (RLIN) 6162
942 ## - ADDED ENTRY ELEMENTS (KOHA)
Source of classification or shelving scheme Dewey Decimal Classification
Item type English Books
Call number suffix RLA
Classification part 954.31
Holdings
Withdrawn status Lost status Not for loan Collection code Home library Current library Date acquired Cost, normal purchase price Full call number Barcode Copy number Cost, replacement price Koha item type
    Not For Loan Non-fiction D.B.Act.Division D.B.Act.Division 17/08/2010 60.00 954.31 RLA EN-84296 1 60.00 English Books

© Delhi Public Library
Hit Counter
free hit counter